[Event "IND-chB (Women) 34th"]
[Site "Hyderabad"]
[Date "2007.05.21"]
[Round "?"]
[White "Sneha, Ghatpande"]
[Black "Pragna, N."]
[Result "0-1"]
[WhiteElo "1886"]
[BlackElo "1989"]
[PlyCount "78"]
[EventDate "2007.05.21"]
[EventType "swiss"]
[EventRounds "11"]
[EventCountry "IND"]
[SourceTitle "EXT 2010"]
[Source "ChessBase"]
[SourceDate "2010.11.25"]
[SourceVersion "1"]
[SourceVersionDate "2010.11.25"]
[SourceQuality "1"]

1. e4 e6 2. d4 d5 3. Nc3 Nf6 4. Bg5 Be7 5. e5 Nfd7 6. Bxe7 Qxe7 7. f4 0-0 8. Nf3 c5 9. dxc5 Nxc5 10. Bd3 Nxd3+ 11. cxd3 Nc6 12. 0-0 Bd7 13. Rc1 Qb4 14. Qd2 Rac8 15. Kh1 Ne7 16. a3 Qb6 17. g4 Rc7 18. d4 Rfc8 19. Ng5 h6 20. Nf3 Qb3 21. h4 b5 22. h5 a5 23. Ra1 b4 24. axb4 axb4 25. Nd1 Bb5 26. Rf2 Rc2 27. Qe1 Rc1 28. Rxc1 Rxc1 29. Nd2 Qxd1 30. Qxd1 Rxd1+ 31. Kg2 Nc6 32. Nb3 Nxd4 33. Nc5 Rc1 34. Nb7 Rc2 35. Nd6 Bc4 36. Rxc2 Nxc2 37. Kf3 b3 38. f5 Ne1+ 39. Ke3 Nd3 0-1

[Event "IND-chB (Women) 34th"]
[Site "Hyderabad"]
[Date "2007.05.21"]
[Round "?"]
[White "Sneha, Ghatpande"]
[Black "Savetha, CH."]
[Result "0-1"]
[WhiteElo "1886"]
[BlackElo "1971"]
[PlyCount "80"]
[EventDate "2007.05.21"]
[EventType "swiss"]
[EventRounds "11"]
[EventCountry "IND"]
[SourceTitle "EXT 2010"]
[Source "ChessBase"]
[SourceDate "2010.11.25"]
[SourceVersion "1"]
[SourceVersionDate "2010.11.25"]
[SourceQuality "1"]

1. e4 c5 2. Nc3 Nc6 3. g3 g6 4. Bg2 Bg7 5. f4 d6 6. Nf3 e6 7. 0-0 Nge7 8. d3 a6 9. Be3 Nd4 10. e5 Nef5 11. Bf2 Nxf3+ 12. Qxf3 dxe5 13. Bxc5 exf4 14. Qxf4 Bd4+ 15. Bxd4 Qxd4+ 16. Kh1 Qxf4 17. Rxf4 0-0 18. Ne4 Ne3 19. Bf3 f5 20. Nc5 e5 21. Ra4 Nxc2 22. Rc1 Nd4 23. Bd5+ Kh8 24. Nxb7 Bxb7 25. Bxb7 Rab8 26. Bxa6 Rxb2 27. Rc7 Nf3 28. Rh4 Nxh4 29. gxh4 Rxa2 30. Bc4 Rd2 31. Rb7 Ra8 32. Rb1 Rd8 33. Re1 Rb8 34. h5 Rbb2 35. hxg6 hxg6 36. h4 f4 37. Kg1 f3 38. Kf1 Rf2+ 39. Kg1 Rg2+ 40. Kf1 Rh2 0-1

[Event "Maheswaranand Memorial op"]
[Site "Pune"]
[Date "2006.11.02"]
[Round "5"]
[White "Vinoth Kumar, Madavan"]
[Black "Sneha, Ghatpande"]
[Result "1-0"]
[WhiteElo "2278"]
[BlackElo "1872"]
[PlyCount "61"]
[EventDate "2006.10.31"]
[EventType "swiss"]
[EventRounds "9"]
[EventCountry "IND"]
[SourceTitle "EXT 2007"]
[Source "ChessBase"]
[SourceDate "2006.11.23"]
[SourceVersion "1"]
[SourceVersionDate "2006.11.23"]
[SourceQuality "1"]

1. e4 e5 2. d3 Bc5 3. g3 Nf6 4. Bg2 d6 5. Nh3 0-0 6. f3 Nc6 7. c3 a6 8. Qe2 b5 9. Nf2 Bb6 10. 0-0 Ne7 11. Na3 Ng6 12. Nc2 h5 13. Bg5 Qe8 14. Bxf6 gxf6 15. f4 exf4 16. Qxh5 Qe5 17. Qf3 fxg3 18. hxg3 Qg5 19. d4 Rb8 20. Ne3 Ne5 21. Qf4 Nc4 22. Nfg4 Bxg4 23. Nxg4 Qxf4 24. Rxf4 Nxb2 25. Nxf6+ Kg7 26. Raf1 Rfd8 27. Nh5+ Kg6 28. Rf6+ Kh7 29. Rxf7+ Kg6 30. R1f6+ Kxh5 31. Rg7 1-0